Responses for Primetime Celebrity Jeopardy! game #3 - Sunday, October 9, 2022

2022-2023 Primetime Celebrity Jeopardy! quarterfinal game 3.

Contestants

[<< previous game]

Jalen Rose, a basketball star from Detroit, Michigan

Ike Barinholtz, an actor from Chicago, Illinois

Constance Wu, an actor from Richmond, Virginia

[next game >>]

Jeopardy! Round responses

THE TERMINAL LIST
(Constance: Wait!)
SCIENCE FICTION
GO BLUE!
A LEAGUE OF THEIR OWN
AMERICANA
THE AFTER PARTY
(Mayim: Each response comes slightly after "party" in the dictionary.)
    $100 1
[Ike selected the first clue, without explanation.]
(Constance: What is Penn Station?)

Grand Central Terminal (Grand Central Station accepted)

ConstanceIke
    $100 26
Cinderella

Ike
    $100 2
a lobster

Ike
    $100 3
Baseball

Ike
    $100 8
men

Constance
    $100 17
pastrami

Constance
    $200 22
(Ike: I should've gotten it--if I didn't get that one, I could never return to Chicago again.)

O'Hare

Ike
    $200 27
Jurassic Park

Constance
    $200 13
Pabst (Blue Ribbon)

Ike
    $200 4
(Ike: [To Jalen, after responding correctly] Sorry.)
(Jalen: Even I knew that one.)
(Constance: [Overlapping] I don't know that one, I didn't buzz.)
(Ike: [To Jalen] If there's a sketch comedy question, you can take that one.)

the WNBA

Ike
    $200 9
a pine

Triple Stumper
    $200 18
paternity

Constance
    $300 23
Victoria

Ike
    $300 28
(Constance: What is Venus?)

the Moon

Constance
Triple Stumper
    $300 14
a ghost

Ike
    $300 5
[Ike gave both listed responses.]

MLS (Major League Soccer)

Ike
    $300 10
(Constance: I'm still negative, though.)

Old Faithful

Constance
    $300 19
a pawn

Jalen
    $400 24
Istanbul

Triple Stumper
    $400 29
Blade Runner

Ike
    $400 15
(Ike: Never even heard of it. Never heard of it!)
(Constance: You can't--you can't push too quick for that one! You gotta be... right on time.)

Viagra

Jalen
    $400 6
(Constance: What is the Indy... 400? 500?)

NASCAR

ConstanceJalen
    $400 11
(Jalen: What is New England?)
(Constance: What is Massachusetts?)
...
(Jalen: I lived there for a year.)

Connecticut

ConstanceJalen
Triple Stumper
    $400 20
passion

Ike
    $500 25
(Jalen: What is Positanos?)
(Constance: What is Corsica?)

Sardinia

ConstanceJalen
Triple Stumper
    $500 30
(Isaac) Asimov

Ike
    $200 16
(Jalen: [No response])

George Gershwin

Jalen
    $500 7
(Constance: What is the NHL?)
[Ike gave both listed responses.]

the CFL (Canadian Football League)

ConstanceIke
    $500 12
Memphis

Jalen
    $500 21
pasture

Constance

Scores at the first commercial break (after clue 15):

Constance Ike Jalen
-$1,000 $1,800 $900

Scores at the end of the Jeopardy! Round:

Constance Ike Jalen
-$800 $3,700 $500

Double Jeopardy! Round responses

ANCIENT ROME
21 OR UNDER
WHAT ARE YOU AFRAID OF?
CELEBRITY MEMOIRS
STARS
THEY'RE JUST LIKE "US"
(Mayim: You'll find "U-S" in each response.)
    $200 6
(Julius) Caesar

Constance
    $200 16
(Mayim: We'll take a quick commercial break and we'll be back with more, right after this.)
(Constance: I'm out of the hole!)
(Ike: You're out of the hole. You're going to be in Final Jeopardy!)
(Constance: You guys gotta keep my "I am Spartacus" joke in there. That was pretty good, right?)

10

Ike
    $200 21
blood

Constance
    $200 1
Carrie Fisher

Constance
    $200 26
Pegasus

Ike
    $200 11
a campus

Ike
    $400 7
a toga

Ike
    $400 17
18

Ike
    $400 22
horses

Ike
    $400 2
Tina Fey

Ike
    $400 27
the North Star

Ike
    $400 12
Blockbuster

Ike
    $600 8
(Constance: [Holding up her signaling device] This is not working. I got--I swear I had that.)

seize the day

Ike
    $600 18
(Ike: I've done it myself. What is [*]?)
(Mayim: That's right. And then we call him a man.)
(Ike: That's right. Thank you. Finally, someone did.)

13

Ike
    $600 23
spiders

Ike
    $600 3
Drew Barrymore

Ike
    $600 28
Sirius

Triple Stumper
    $600 13
Exodus

Constance
    $2,500 9
the Colosseum

Ike
    $800 19
6

Ike
    $4,400 24
claustrophobia

Ike
    $800 4
Leah Remini

Ike
    $800 29
Virgo

Triple Stumper
    $800 14
a husk

Constance
    $1000 10
(Constance: I pressed it!
I'm [*].)
(Jalen: This is domination.)
(Constance: That's the correct response.)

Spartacus

Ike
    $1000 20
(Constance: What is 100?)
(Mayim: No.)
(Constance: Damn it! Darn it! Gosh darn it!)

20

Constance
Triple Stumper
    $1000 25
xenophobia

Ike
    $1000 5
Joan Crawford

Ike
    $1000 30
Hydra

Triple Stumper
    $1000 15
an abacus

Ike

Scores at the Double Jeopardy! Round commercial break (after clue 16):

Constance Ike Jalen
$1,000 $12,800 $500

Scores at the end of the Double Jeopardy! Round:

Constance Ike Jalen
$200 $21,600 $500

Triple Jeopardy! Round

1992 IN BOOKS: 30 YEARS AGO
WORDS OF LOVE
IN THE PARK
FOOD & DRINK
TECHNOLOGY
A LONG RUN ON TV WITH KEN JENNINGS
(Ken: I'm Ken Jennings. In 2004, I suddenly found out what a long run on TV is like, and I'll have clues about some other famous ones.)
    $300 7
Mexico

Ike
    $300 1
(Ike: Who is [*], Saint [*]?)

Valentine

Ike
    $300 21
oak

Constance
    $300 12
sake

Ike
    $300 26
artificial intelligence

Ike
    $300 2
(Constance: Yeah, the left hand is working!)
(Ike: Left hand, baby.)
(Constance: Had me switch, to, y'know, try something new.)

Elmo

Constance
    $600 8
Princess Diana

Constance
    $600 17
dear

Ike
    $600 22
Strawberry Fields

Ike
    $600 13
(Jalen: What is buffet?)

smorgasbord

ConstanceJalen
    $600 27
Auto-Tune

Constance
    $600 3
Jimmy Fallon

Ike
    $3,200 9
John Grisham

Constance
    $900 18
darling

Constance
    $2,400 23
Golden Gate (Park)

Ike
    $900 14
champagne

Ike
    $11,500 28
an avatar

Constance
    $900 4
(Alan) Alda

Constance
    $1200 10
Waiting to Exhale

Ike
    $1200 19
(Jalen: What is 'til death do us part?)

cherish

ConstanceJalen
    $1200 24
Austin

Ike
    $1200 15
Julia Child

Ike
    $1200 29
Teslas

Ike
    $1200 5
(Constance: The left hand's doin' it, guys.)

Mariska Hargitay

Constance
    $1500 11
Men Are from Mars, Women Are from Venus

Ike
    $1500 20
a torch

Constance
    $1500 25
an observatory

Ike
    $1500 16
calamari

Ike
    $1500 30
(Constance: What?)
(Jalen: Huh?)
(Constance: I don't understand the question.)
(Ike: I don't get the question.)

a thermostat

Triple Stumper
    $1500 6
The Young and the Restless

Triple Stumper

Scores at the end of the Triple Jeopardy! Round:

Constance Ike Jalen
$23,000 $37,200 -$1,300

[wagering suggestions for these scores]

Final Jeopardy! Round responses

NEWSPAPER HEADLINES
[Jalen's score was set to $1,000 prior to Final Jeopardy!]
(Mayim: Constance, what did you come up with?)
(Constance: "What is the Ti-[bleep]-tanic?")
(Mayim: "What is the [bleep]?" is not correct.)
(Constance: I meant [*]!)
...
(Mayim: "[*] sinks four hours after hitting iceberg; 866 rescued... probably 1250 perish; Ismay safe, Mrs. Astor maybe, noted names missing".)
(Constance: Some people called [*] the [bleep]. This is a well-known fact. So...)
JalenWhat Katrina
$1,000
ConstanceWhat is the titan
$23,000
IkeWhat is the Titanic?
$8,801
the Titanic

Final scores:

Constance Ike Jalen
$0 $46,001 $0
2nd place: $30,000 to the Asian Mental Health Collective - Lotus Therapy Fund Winner: semifinalist 3rd place: $30,000 to Operation Graduation

Game dynamics:

Coryat scores:

Constance Ike Jalen
$10,100 $30,400 -$1,100
23 R
(including 2 DDs),
7 W
51 R
(including 3 DDs),
0 W
4 R,
5 W
(including 1 DD)

Combined Coryat: $39,400

[game clues] [game scores] [suggest correction]

Game tape date: 2022-09-11
The J! Archive is created by fans, for fans. Scraping, republication, monetization, and malicious use prohibited; this site may use cookies and collect identifying information. See terms. The Jeopardy! game show and all elements thereof, including but not limited to copyright and trademark thereto, are the property of Jeopardy Productions, Inc. and are protected under law. This website is not affiliated with, sponsored by, or operated by Jeopardy Productions, Inc. Join the discussion at JBoard.tv.